| 000 | 00508nam a2200181 i 4500 | ||
|---|---|---|---|
| 001 | bgj | ||
| 245 | 0 | 0 |
_aTen Contemporary Poets / _ccompiled and edited by Maurice Wollman. |
| 250 | _a[Repr.]. | ||
| 260 |
_aLondon [etc.] : _bGeorge G. Harrap & Co. Ltd., _c1968. |
||
| 300 |
_a176 pp ; _c19 cm. |
||
| 505 | _aIncludes index. | ||
| 650 | 9 |
_aEnglish poetry _y20th century |
|
| 700 | 1 |
_aWOLLMAN, Maurice. _eed. |
|
| 040 | _cBPK | ||
| 041 | 0 | _aeng | |
| 942 | _cKS | ||
| 008 | s uk f |000 0 eng | ||
| 999 |
_c47529 _d47529 |
||
| 856 |
_uhttp://koha.tu.koszalin.pl/cgi-bin/koha/opac-detail.pl?biblionumber=47529 _yKatalog online BPK |
||